Primero entre sus iguales: DLH 15 Blanco Encalada. 1987-2003
Guardat en:
| Autor corporatiu: | |
|---|---|
| Format: | Llibre |
| Idioma: | espanyol |
| Publicat: |
Valparaíso
Museo Naval y Marítimo
2006
|
| Matèries: | |
| Etiquetes: |
Afegir etiqueta
Sense etiquetes, Sigues el primer a etiquetar aquest registre!
|
MARC
| LEADER | 00000cam a2200000 a 4500 | ||
|---|---|---|---|
| 001 | UCF7008 | ||
| 003 | CL-VaPUC | ||
| 008 | 130606e20060300CL |||||||||||||||||spa|d | ||
| 082 | 0 | 4 | |a 359.9383 |b ARM |2 21 |
| 110 | 2 | |a Armada de Chile |e author |9 568983 | |
| 245 | 1 | 0 | |a Primero entre sus iguales: DLH 15 Blanco Encalada. 1987-2003 |
| 300 | |a 186 p | ||
| 942 | |c BK | ||
| 945 | |d 20130606 00:00:00 |a dcastane | ||
| 260 | |a Valparaíso |b Museo Naval y Marítimo |c 2006 | ||
| 600 | 0 | |a Armada de Chile |9 340497 | |
| 650 | 7 | |a BUQUES DE GUERRA |2 CL-VaPUC |9 436966 | |
| 650 | 7 | |a MARINA DE GUERRA |2 CL-VaPUC |9 323589 | |
| 650 | 0 | |a Historia de Chile |9 265473 | |
| 583 | |a last modification |c 20130606 11:56:00 |k Rodrigo Vera | ||
| 999 | |c 351976 |d 351974 | ||
| 952 | |0 0 |1 0 |4 0 |6 359_938300000000000_ARM_2006 |7 0 |8 X |9 456448 |a FDOBUD |b FDOBUD |d 2019-11-22 |i 4881214 |o 359.9383 ARM 2006 |p 4881214 |r 2019-11-22 |w 2019-11-22 |y BK_X |k BUD | ||